Middle East Area Physical Features Quiz - Statistics

General Stats
  • This quiz has been taken 53 times
  • The average score is 13 of 58
Answer Stats
Description Answer % Correct
Above islands are in this gulf Persian Gulf
75%
Euphrates
68%
Peninsula taken from Egypt Sinai
68%
Mtn range in Georgia, Armenia, and Azerbaijan Caucasus
65%
Lowest point on land in the world Dead Sea
65%
Longest rivers in Iraq Tigris
65%
Sea southwest of Istanbul Sea of Marmara
53%
Largest island in Yemen Socotra
53%
Largest lakes in Turkey Lake Van
45%
Zagros
45%
Desert in southern Israel Negev
43%
Biblical lake in northern Israel Sea of Galilee
43%
Istabul is split by this strait Bosporus
38%
Gulf west of ^ Suez
38%
Largest islands in Bahrain Bahrain
35%
Elat and Aqaba are on this Red Sea extension Gulf of Aqaba
35%
Largest lakes in Azerbaijan Caspian Sea
28%
Desert in eastern Libya Libyan Desert
28%
Plateau in eastern Libya Libyan Plateau
28%
Largest lake in Egypt Lake Nasser
25%
Sudanian name for the above Lake Nubia
23%
Lage empty region in Oman, Saudi Arabia, UAE, and Yemen Rub al Khali
23%
Desert primarily in Syria, Jordan, and Iraq Syrian Desert
23%
Major mtn ranges in Iran Elburz
20%
Major mountain ranges in Lebanon Lebanon
20%
Depression west of Cairo Qattara
15%
Main Mtn range in Cyprus Troodos
15%
Main peninsula of Cyprus Karpas
13%
Largest lake in Armenia Lake Sevan
13%
Largest lake entirely in Iran Lake Urmia
13%
Largest island in Iran Qeshm
13%
Anti Lebanon
10%
Valley between the two Bekka Valley
10%
Benghazi and Misratah are on this gulf Gulf of Sidra
10%
Baku is on this peninsula Absheron
8%
Major deserts of Iran Kavir
8%
Lowest land point in Africa Lake Assal
8%
Lut
8%
Mtn range in northern Turkey Pontic Mountains
8%
Oil-rich area on Libya-Chad border Aouzou Strip
5%
Largest island in Kuwait Bubiyan
5%
Archipelago in Eritrea Dahlak
5%
Mountain range in Saudi Arabia along the Red Sea Hijaz
5%
Lake Tuz
5%
Largest island in Oman Masirah
5%
Muharraq
5%
Source of Blue Nile Tana
5%
Djiboutian lake on the border with Ethiopia Abhe
3%
Easternmost point in Africa Cape Xaafuun
3%
Largest island in Saudi Arabia Farasan
3%
Hawar
3%
Easternmost point in the Mediterranian Sea is in this gulf Iskenderum Gulf
3%
Mtn range on the Iranian border with Turkmenistan Kopet
3%
Mingachevir Reservoir
3%
Djibouti City is on this gulf Tadjora
3%
Plateau in northwest Sudan Teiga
3%
Largest lakes in Iraq Tharthar
3%
Razazah
0%
No matching quizzes found
Score Distribution
Percent of People with Each Score
Percentile by Number Answered
Your Score History
You have not taken this quiz